Library Banner

Academic leadership in higher education / (Record no. 85742)

MARC details
000 -LEADER
fixed length control field 00555nam a2200193Ia 4500
001 - CONTROL NUMBER
control field 72787
008 - FIXED-LENGTH DATA ELEMENTS--GENERAL INFORMATION
fixed length control field 160428s9999 xx 000 0 und d
020 ## - INTERNATIONAL STANDARD BOOK NUMBER
International Standard Book Number 9781475808049
040 ## - CATALOGING SOURCE
Transcribing agency PK-LaUMT
082 ## - DEWEY DECIMAL CLASSIFICATION NUMBER
Classification number 378.101
Item number ACA-
100 ## - MAIN ENTRY--PERSONAL NAME
Personal name Sternberg, Robert J.
245 ## - TITLE STATEMENT
Title Academic leadership in higher education /
Remainder of title from the top down and the bottom up
Statement of responsibility, etc Sternberg, Robert J.|[et al, ]
260 ## - PUBLICATION, DISTRIBUTION, ETC. (IMPRINT)
Place of publication, distribution, etc Lanham:
Name of publisher, distributor, etc Rowman & Littlefield,
Date of publication, distribution, etc 2015
300 ## - PHYSICAL DESCRIPTION
Extent 292 p.
546 ## - LANGUAGE NOTE
Language note EN
650 ## - SUBJECT ADDED ENTRY--TOPICAL TERM
Topical term or geographic name as entry element Educational leadership
700 ## - ADDED ENTRY--PERSONAL NAME
Personal name [et al, ]
942 ## - ADDED ENTRY ELEMENTS (KOHA)
Koha item type Books
Holdings
Withdrawn status Lost status Damaged status Not for loan Home library Current library Date acquired Total Checkouts Full call number Barcode Date last seen Price effective from Koha item type
        UMT Main Campus UMT Main Campus 2016-04-28   378.101 ACA- 99737 2016-04-28 2016-04-28 Books